[Event "PRO League Group Stage"]
[Site "chess.com INT"]
[Date "2018.02.07"]
[Round "5"]
[White "Meskovs, Nikita"]
[Black "Salomon, Johan"]
[Result "1-0"]
[WhiteTitle "GM"]
[BlackTitle "GM"]
[WhiteElo "2546"]
[BlackElo "2476"]
[WhiteTeam "Riga Magicians"]
[BlackTeam "Norway Gnomes"]
[WhiteFideId "11602740"]
[BlackFideId "1509500"]
[EventDate "2018.01.18"]

1. d4 Nf6 2. c4 e6 3. Nf3 a6 4. Bg5 d5 5. cxd5 exd5 6. Nc3 Be6 7. e3 Nbd7 8. Bd3
h6 9. Bh4 Bd6 10. O-O O-O 11. Rc1 c6 12. Na4 Qe7 13. Bg3 Bxg3 14. hxg3 Bg4 15.
Qb3 Rab8 16. Nh4 Rfe8 17. Rfe1 Be6 18. Nf5 Bxf5 19. Bxf5 g6 20. Bxd7 Qxd7 21.
Nc5 Qf5 22. Qc2 Qh5 23. f3 Qg5 24. Qf2 h5 25. b4 Re7 26. a4 Ne8 27. e4 Nd6 28.
exd5 cxd5 29. Rxe7 Qxe7 30. Re1 Qd8 31. g4 b6 32. Nxa6 Ra8 33. b5 hxg4 34. fxg4
Rc8 35. Nb4 Ne4 36. Qf4 Rc4 37. Nc6 Qf6 38. Rxe4 1-0

[Event "PRO League Group Stage"]
[Site "chess.com INT"]
[Date "2018.02.07"]
[Round "5"]
[White "Meskovs, Nikita"]
[Black "Christiansen, Johan-Sebastian"]
[Result "1-0"]
[WhiteTitle "GM"]
[BlackTitle "IM"]
[WhiteElo "2546"]
[BlackElo "2492"]
[WhiteTeam "Riga Magicians"]
[BlackTeam "Norway Gnomes"]
[WhiteFideId "11602740"]
[BlackFideId "1512668"]
[EventDate "2018.01.18"]

1. c4 e5 2. Nc3 Nc6 3. g3 Bc5 4. Bg2 d6 5. d3 a6 6. a3 Ba7 7. b4 Nf6 8. Nf3 O-O
9. O-O h6 10. Bb2 Be6 11. e3 Qd7 12. Rc1 Rad8 13. Re1 Bg4 14. Qb3 Rfe8 15. Nd2
Bh3 16. Nd5 Nxd5 17. Bxh3 Qxh3 18. cxd5 Ne7 19. Rxc7 Ng6 20. Rxb7 Ra8 21. Ne4 f5
22. Nxd6 f4 23. exf4 Bxf2+ 24. Kxf2 Qxh2+ 25. Kf3 exf4 26. Rxg7+ Kf8 27. Rxe8+
Rxe8 28. Nxe8 Qxg3+ 29. Ke4 Qe3+ 30. Kf5 Nh4+ 31. Kf6 Nf3 32. Rg8+ Kxg8 33. d6+
Kh8 34. Qf7 Qg1 35. Kf5+ Nd4+ 36. Ke4 Qe3+ 37. Kd5 Qf3+ 38. Kxd4 Qf2+ 39. Ke4+
Qxb2 40. Qf8+ Kh7 41. Nf6+ Kg6 42. Qg8+ Kxf6 43. Qh8+ 1-0

[Event "PRO League Group Stage"]
[Site "chess.com INT"]
[Date "2018.02.07"]
[Round "5"]
[White "Iturrizaga Bonelli, Eduardo"]
[Black "Banusz, Tamas"]
[Result "1/2-1/2"]
[WhiteTitle "GM"]
[BlackTitle "GM"]
[WhiteElo "2650"]
[BlackElo "2640"]
[WhiteTeam "Miami Champions"]
[BlackTeam "Webster Windmills"]
[WhiteFideId "3901211"]
[BlackFideId "722413"]
[EventDate "2018.01.18"]

1. Nf3 d5 2. c4 c6 3. e3 Nf6 4. Nc3 a6 5. b3 Bg4 6. Bb2 Nbd7 7. h3 Bxf3 8. Qxf3
e6 9. Be2 Bd6 10. d4 Qe7 11. O-O Ba3 12. Bxa3 Qxa3 13. e4 dxe4 14. Nxe4 Nxe4 15.
Qxe4 Nf6 16. Qe3 O-O 17. Rfd1 Rfd8 18. Rd2 Rd7 19. Rad1 Rad8 20. Bf3 h6 21. g3
a5 22. Kg2 a4 23. h4 h5 24. Qc3 axb3 25. axb3 Qa7 26. Qb4 Qb8 27. Qa5 Qc7 28.
Qg5 Qb6 29. Qe3 Qb4 30. Rd3 1/2-1/2

[Event "PRO League Group Stage"]
[Site "chess.com INT"]
[Date "2018.02.07"]
[Round "5"]
[White "Iturrizaga Bonelli, Eduardo"]
[Black "Grabinsky, Aaron"]
[Result "1-0"]
[WhiteTitle "GM"]
[WhiteElo "2650"]
[BlackElo "2359"]
[WhiteTeam "Miami Champions"]
[BlackTeam "Webster Windmills"]
[WhiteFideId "3901211"]
[BlackFideId "2087090"]
[EventDate "2018.01.18"]

1. Nf3 Nf6 2. c4 c5 3. Nc3 e6 4. g3 b6 5. Bg2 Bb7 6. O-O Be7 7. d4 cxd4 8. Qxd4
d6 9. Bg5 O-O 10. Bxf6 Bxf6 11. Qf4 Be7 12. Rfd1 a6 13. Ne4 Bxe4 14. Qxe4 Ra7
15. Rd2 Qc8 16. Rad1 Rc7 17. b3 Nd7 18. Nd4 Nf6 19. Qf3 d5 20. cxd5 Nxd5 21. Nf5
Bb4 22. Rxd5 exd5 23. Bh3 Kh8 24. Kg2 Qb7 25. Nxg7 Kxg7 26. Qg4+ Kh8 27. Qxb4
Re7 28. Bf5 f6 29. Bg4 a5 30. Qd6 Qc7 31. Qxd5 Kg7 32. Rd4 Qb7 33. Qxb7 Rxb7 34.
Bf5 Re8 35. Kf3 Re5 36. Bd3 Ree7 37. h4 Rbd7 38. Rg4+ Kh6 39. Rg8 Ra7 40. g4 Rg7
41. Rf8 Rgf7 42. Rg8 Rg7 43. Rb8 Rgb7 44. Rh8 a4 45. Kf4 Rf7 46. Bf5 axb3 47.
axb3 Ra5 48. e4 Ra2 49. f3 Rh2 50. Kg3 Rb2 51. Rg8 Rg7 52. Rf8 Rb7 53. Be6 Kg6
54. Rg8+ Rg7 55. h5+ Kh6 56. Rf8 Rc7 57. Rxf6+ Kg7 58. g5 1-0

[Event "PRO League Group Stage"]
[Site "chess.com INT"]
[Date "2018.02.07"]
[Round "5"]
[White "Xiong, Jeffery"]
[Black "Feng, Roland"]
[Result "1-0"]
[WhiteTitle "GM"]
[BlackTitle "FM"]
[WhiteElo "2634"]
[BlackElo "2358"]
[WhiteTeam "Dallas Destiny"]
[BlackTeam "Seattle Sluggers"]
[WhiteFideId "2047640"]
[BlackFideId "2060086"]
[EventDate "2018.01.18"]

1. d4 Nf6 2. c4 e6 3. g3 d5 4. Bg2 Be7 5. Nf3 O-O 6. O-O dxc4 7. Qc2 a6 8. a4
Bd7 9. Qxc4 Bc6 10. Bg5 Nbd7 11. Nc3 h6 12. Bxf6 Nxf6 13. b4 Bd5 14. Nxd5 exd5
15. Qb3 c6 16. Rfd1 Qb6 17. Rab1 Rfd8 18. e3 Bd6 19. Ne1 Qc7 20. Nd3 Qe7 21.
Rdc1 Ne4 22. Qd1 g6 23. b5 axb5 24. axb5 c5 25. Bxe4 dxe4 26. Nxc5 b6 27. Na4
Qa7 28. Rc4 h5 29. Qc2 Bf8 30. Qxe4 Rac8 31. Rbc1 Rxc4 32. Rxc4 Qa5 33. Nc3 Bb4
34. Nd5 Bf8 35. Nf6+ Kh8 36. Rc7 Kg7 37. Qe5 Bd6 38. Ne8+ 1-0

[Event "PRO League Group Stage"]
[Site "chess.com INT"]
[Date "2018.02.07"]
[Round "5"]
[White "Xiong, Jeffery"]
[Black "Petrosian, Tigran L."]
[Result "1-0"]
[WhiteTitle "GM"]
[BlackTitle "GM"]
[WhiteElo "2634"]
[BlackElo "2606"]
[WhiteTeam "Dallas Destiny"]
[BlackTeam "Seattle Sluggers"]
[WhiteFideId "2047640"]
[BlackFideId "13301616"]
[EventDate "2018.01.18"]

1. d4 d6 2. Nf3 Bg4 3. c4 Bxf3 4. exf3 g6 5. Nc3 c6 6. Be2 Bg7 7. O-O Nf6 8. d5
Nbd7 9. Be3 O-O 10. Qb3 Qc7 11. Rac1 Rfc8 12. Rfd1 a6 13. f4 cxd5 14. Nxd5 Nxd5
15. Rxd5 e6 16. Rdd1 Nc5 17. Qc2 a5 18. h4 a4 19. h5 Qb6 20. Rb1 Rd8 21. b4 axb3
22. axb3 Qb4 23. Bf3 Ra3 24. Bd2 Qb6 25. b4 Nd7 26. hxg6 hxg6 27. Be3 Rxe3 28.
c5 dxc5 29. fxe3 cxb4 30. Kf2 Bf8 31. Qd3 Be7 32. Qc4 Nf6 33. Rxd8+ Qxd8 34. Rd1
Qb6 35. g4 Bc5 36. Rd3 Qc7 37. Kg2 b6 38. Qb5 Qb8 39. Qc6 Kg7 40. g5 Ng8 41. Qb7
Qxb7 42. Bxb7 Ne7 43. e4 f6 44. Kf3 e5 45. fxe5 fxe5 46. Ke2 Bd4 47. Rf3 b5 48.
Kd2 Bc3+ 49. Kc2 Be1 50. Bd5 Nxd5 51. exd5 Bh4 52. Re3 Bxg5 53. Rxe5 Bf6 54. Re4
g5 55. d6 Kg6 56. d7 Kf5 57. Re8 Kg4 58. Kb3 Kg3 59. Re6 Bd8 60. Re8 Ba5 61. Ra8
Bc7 62. Rc8 Ba5 63. Ra8 Bc7 64. Kxb4 g4 65. Kc5 Kf3 66. Rc8 Ba5 67. Kxb5 g3 68.
Kxa5 g2 69. Rg8 1-0

[Event "PRO League Group Stage"]
[Site "chess.com INT"]
[Date "2018.02.07"]
[Round "5"]
[White "Skuhala, Jernej"]
[Black "Vachier-Lagrave, Maxime"]
[Result "0-1"]
[WhiteTitle "FM"]
[BlackTitle "GM"]
[WhiteElo "2294"]
[BlackElo "2793"]
[WhiteTeam "Ljubljana Turtles"]
[BlackTeam "Marseille Migraines"]
[WhiteFideId "14605651"]
[BlackFideId "623539"]
[EventDate "2018.01.18"]

1. e4 c5 2. Nf3 d6 3. d4 cxd4 4. Nxd4 Nf6 5. Nc3 a6 6. Be3 Ng4 7. Bc1 Nf6 8. Be3
e5 9. Nb3 Be6 10. f3 Be7 11. Qd2 O-O 12. O-O-O a5 13. Bb5 Na6 14. Ba4 Nb4 15.
Kb1 d5 16. exd5 Nbxd5 17. Nxd5 Nxd5 18. Bc5 Qc7 19. Bxe7 Qxe7 20. Qe2 Qc7 21.
Rhe1 Nb6 22. Bb5 a4 23. Nc1 f6 24. a3 Ra5 25. Bd3 Nd5 26. g3 Rc8 27. Na2 Bf7 28.
Bf5 Re8 29. Qd3 g6 30. Be4 f5 31. Bxd5 Rxd5 32. Qe2 Rxd1+ 33. Rxd1 e4 34. Nc3 e3
35. Nd5 Qe5 36. Nc3 Qc7 37. Nd5 Qe5 38. Nc3 g5 39. Nxa4 b5 40. Nc3 Bc4 41. Qe1
f4 42. gxf4 gxf4 43. b3 Bf7 44. Ne4 Bg6 45. Rd5 Qe7 46. Rd4 Qg7 47. Rd7 Qe5 48.
Rd5 Qe7 49. Rd7 Qe6 50. Rd4 Kh8 51. Qc3 Qe5 52. Rd8 Qxc3 53. Rxe8+ Bxe8 54. Nxc3
Bc6 55. Ne2 Bxf3 56. Nxf4 Kg7 57. Kc1 Kf6 58. Nd3 Kf5 59. Ne1 Be2 60. Kb2 Ke4
61. Kc3 Bh5 62. a4 bxa4 63. bxa4 Be8 64. a5 Bb5 65. Kb4 Bf1 66. c4 Kd4 67. a6
Bxc4 68. Nc2+ Kd3 69. Ne1+ Kd4 70. Nf3+ Kd3 71. Ne5+ Kd4 72. a7 Bd5 0-1

[Event "PRO League Group Stage"]
[Site "chess.com INT"]
[Date "2018.02.07"]
[Round "5"]
[White "Skuhala, Jernej"]
[Black "Maurizzi, Marc Andria"]
[Result "1-0"]
[WhiteTitle "FM"]
[BlackTitle "CM"]
[WhiteElo "2294"]
[BlackElo "2018"]
[WhiteTeam "Ljubljana Turtles"]
[BlackTeam "Marseille Migraines"]
[WhiteFideId "14605651"]
[BlackFideId "36083534"]
[EventDate "2018.01.18"]

1. e4 c5 2. Nf3 Nc6 3. d4 cxd4 4. Nxd4 Nf6 5. Nc3 e5 6. Ndb5 d6 7. Bg5 a6 8. Na3
Be6 9. Bxf6 Qxf6 10. Nd5 Bxd5 11. exd5 Nb8 12. c4 Nd7 13. g3 g6 14. Bh3 Qe7 15.
Qa4 f5 16. b4 Bg7 17. O-O O-O 18. Rae1 e4 19. f3 Ne5 20. fxe4 Nd3 21. Qd1 Nxe1
22. Rxe1 fxe4 23. Be6+ Kh8 24. Rxe4 Qf6 25. Qe2 Qf3 26. Nc2 Qxe2 27. Rxe2 Rf3
28. c5 Be5 29. c6 bxc6 30. dxc6 Rc3 31. Bd7 Kg7 32. Kg2 Rb8 33. Ne3 Rb6 34. Nd5
Rbxc6 35. Bxc6 Rxc6 36. a4 Kf7 37. Re3 Ke6 38. Nf4+ Kd7 39. Nd3 Bc3 40. Rf3 Rc4
41. Rf7+ Kc6 42. b5+ axb5 43. axb5+ Kxb5 44. Rxh7 d5 45. Rh6 Rc6 46. h4 d4 47.
Kf3 Re6 48. Nf4 Re3+ 49. Kf2 Re7 50. Rxg6 Kc4 51. h5 Rf7 52. Rc6+ Kb5 53. Rc8
Kb4 54. Ke2 Re7+ 55. Kf3 Re3+ 56. Kf2 Re7 57. Nd5+ 1-0

[Event "PRO League Group Stage"]
[Site "chess.com INT"]
[Date "2018.02.07"]
[Round "5"]
[White "Haug, Johannes"]
[Black "Anand, Viswanathan"]
[Result "1/2-1/2"]
[WhiteTitle "FM"]
[BlackTitle "GM"]
[WhiteElo "2357"]
[BlackElo "2767"]
[WhiteTeam "Oslo Trolls"]
[BlackTeam "Mumbai Movers"]
[WhiteFideId "1509268"]
[BlackFideId "5000017"]
[EventDate "2018.01.18"]

1. d4 Nf6 2. c4 e6 3. Nf3 d5 4. Nc3 Bb4 5. Qb3 c5 6. dxc5 Nc6 7. Bg5 dxc4 8.
Qxc4 Qa5 9. Bxf6 gxf6 10. e3 Qxc5 11. Qxc5 Bxc5 12. a3 Ke7 13. Bd3 Bd6 14. Ke2
Ne5 15. Nxe5 Bxe5 16. Rac1 Bd7 17. f4 Bxc3 18. Rxc3 Bc6 19. Rg1 f5 20. g3 h5 21.
h4 Rad8 22. Rd1 Rhg8 23. Kf2 Kf6 24. Be2 Kg6 25. Rxd8 Rxd8 26. Rd3 Rc8 27. Rc3
Rd8 28. Rd3 Rc8 29. Rc3 Rd8 1/2-1/2

[Event "PRO League Group Stage"]
[Site "chess.com INT"]
[Date "2018.02.07"]
[Round "5"]
[White "Haug, Johannes"]
[Black "Kathmale, Sameer"]
[Result "1-0"]
[WhiteTitle "FM"]
[BlackTitle "IM"]
[WhiteElo "2357"]
[BlackElo "2300"]
[WhiteTeam "Oslo Trolls"]
[BlackTeam "Mumbai Movers"]
[WhiteFideId "1509268"]
[BlackFideId "5024498"]
[EventDate "2018.01.18"]

1. d4 d5 2. c4 c6 3. cxd5 cxd5 4. Nc3 Nf6 5. f3 g6 6. e4 dxe4 7. fxe4 Bg7 8. Bc4
O-O 9. e5 Nfd7 10. Be3 Nb6 11. Bb3 Nc6 12. Nf3 Na5 13. Bc2 Be6 14. Ng5 Nac4 15.
Nxe6 fxe6 16. Qe2 Nxe3 17. Qxe3 Nc4 18. Qe4 Bh6 19. Bb3 Rf4 20. Qe2 Rxd4 21.
Bxc4 Bd2+ 22. Kf2 Qb6 23. Kg3 Rc8 24. Na4 Qc6 25. b3 a6 26. Rad1 Rcd8 27. Nb2 b5
28. Bd3 Bc3 29. Be4 Qc5 30. Nd3 Qa3 31. Rhf1 Rxd3+ 32. Bxd3 Qc5 33. Kh3 Bxe5 34.
g3 Rc8 35. Rc1 Bc3 36. Qxe6+ Kh8 37. Qe4 b4 38. Bc4 Qh5+ 39. Kg2 Rd8 40. Rc2 e5
41. Rcf2 a5 42. Rf8+ Rxf8 43. Rxf8+ Kg7 44. Rf1 Qg5 45. Rf2 Qc1 46. Re2 Bd4 47.
Kh3 Qf1+ 48. Qg2 Qf5+ 49. g4 Qf4 50. Qe4 Qh6+ 51. Kg2 Qc1 52. Re1 Qd2+ 53. Qe2
Qg5 54. Rf1 Kh6 55. h3 Be3 56. Re1 Bf4 57. Qf2 Qd8 58. Re4 Qa8 59. Qf3 Qf8 60.
h4 g5 61. hxg5+ Kxg5 62. Rxe5+ Kh6 63. Rf5 Qd6 64. Qxf4+ Qxf4 65. Rxf4 1-0

[Event "PRO League Group Stage"]
[Site "chess.com INT"]
[Date "2018.02.07"]
[Round "5"]
[White "Salomon, Johan"]
[Black "Kantane, Anna"]
[Result "0-1"]
[WhiteTitle "GM"]
[BlackTitle "WIM"]
[WhiteElo "2476"]
[BlackElo "2243"]
[WhiteTeam "Norway Gnomes"]
[BlackTeam "Riga Magicians"]
[WhiteFideId "1509500"]
[BlackFideId "1135988"]
[EventDate "2018.01.18"]

1. Nf3 Nf6 2. g3 g6 3. b3 Bg7 4. Bb2 O-O 5. Bg2 c5 6. c4 d5 7. cxd5 Nxd5 8. Bxg7
Kxg7 9. O-O Nc6 10. d4 cxd4 11. Nxd4 f6 12. Nxc6 bxc6 13. Qc1 Qb6 14. Nd2 Be6
15. Ne4 Rfd8 16. Nc5 Bf7 17. a3 a5 18. e4 Nc7 19. Qe3 Rab8 20. Rac1 Ne6 21. e5
Nxc5 22. Rxc5 Qxb3 23. Rxa5 Ra8 24. Qxb3 Bxb3 25. Rxa8 Rxa8 26. Ra1 Ra6 27. Kf1
fxe5 28. Ke2 Kf6 29. Kd2 Bd5 30. Bf1 Ra4 31. Bd3 e4 32. Bc2 Ra5 33. a4 Ke5 34.
Rb1 c5 35. Rb8 Ra7 36. Kc3 e6 37. Rb5 Rf7 38. Rxc5 Rxf2 39. a5 Rf3+ 40. Kb4 e3
41. Bd3 Rf2 42. a6 Kd4 43. Bc4 Rb2+ 44. Ka3 Kxc5 45. Bxd5 Rb8 46. a7 Re8 47. Bf3
Kb6 48. Kb3 Kxa7 49. Kc3 Rf8 50. Be2 Rd8 51. Bc4 Kb6 0-1

[Event "PRO League Group Stage"]
[Site "chess.com INT"]
[Date "2018.02.07"]
[Round "5"]
[White "Salomon, Johan"]
[Black "Neiksans, Arturs"]
[Result "0-1"]
[WhiteTitle "GM"]
[BlackTitle "GM"]
[WhiteElo "2476"]
[BlackElo "2582"]
[WhiteTeam "Norway Gnomes"]
[BlackTeam "Riga Magicians"]
[WhiteFideId "1509500"]
[BlackFideId "11601388"]
[EventDate "2018.01.18"]

1. Nf3 Nf6 2. g3 d5 3. Bg2 Bg4 4. O-O Nbd7 5. d3 e5 6. h3 Bxf3 7. exf3 Bd6 8.
Nc3 c6 9. Ne2 O-O 10. f4 exf4 11. Nxf4 Re8 12. Re1 Ne5 13. Bd2 Qd7 14. a4 Re7
15. Nh5 Nxh5 16. Qxh5 Rae8 17. Kf1 Qc7 18. a5 a6 19. Ra4 Nd7 20. Rxe7 Rxe7 21.
h4 Nc5 22. Ra1 Ne6 23. Qg4 Be5 24. c3 g6 25. d4 Bf6 26. Qf3 Bg7 27. Bh3 Qd8 28.
h5 Qf8 29. Re1 Re8 30. Kg2 Nc7 31. Rh1 Nb5 32. hxg6 hxg6 33. Bd7 Re4 34. Bg5 Qd6
35. Bc8 Qc7 36. Bh3 Nd6 37. b4 Qb8 38. Bg4 f5 39. Bh3 Qe8 40. g4 Qe6 41. Bf4
fxg4 42. Bxg4 Nf5 43. Bg5 Rxg4+ 0-1

[Event "PRO League Group Stage"]
[Site "chess.com INT"]
[Date "2018.02.07"]
[Round "5"]
[White "Van Foreest, Jorden"]
[Black "Beerdsen, Thomas"]
[Result "1/2-1/2"]
[WhiteTitle "GM"]
[BlackTitle "IM"]
[WhiteElo "2629"]
[BlackElo "2416"]
[WhiteTeam "Montreal Chessbrahs"]
[BlackTeam "Minnesota Blizzard"]
[WhiteFideId "1039784"]
[BlackFideId "1030108"]
[EventDate "2018.01.18"]

1. e4 c5 2. Nf3 a6 3. c3 d5 4. exd5 Qxd5 5. d4 Bg4 6. Be2 e6 7. O-O Nf6 8. Be3
cxd4 9. cxd4 Nc6 10. Nc3 Qd6 11. Qb3 Qb4 12. h3 Bh5 13. g4 Bg6 14. Ne5 Nxe5 15.
dxe5 Nd7 16. f4 Qxb3 17. axb3 Bc2 18. Bf3 Rb8 19. Ba7 Bc5+ 20. Bxc5 Nxc5 21. b4
Nb3 22. Rae1 Nd2 23. Rf2 Nxf3+ 24. Rxf3 O-O 25. Rf2 Bb3 26. Ne4 Rbc8 27. Nd6 Rc7
28. Re3 Bd5 29. Rc3 Rd7 30. Rfc2 Bc6 31. f5 exf5 32. Nxf5 Re8 33. Rc5 Rd3 34.
Nd6 Rd8 35. Kh2 f6 36. Nf5 Rd2+ 37. Rxd2 Rxd2+ 38. Kg3 fxe5 39. Rxe5 Rxb2 40.
Ne7+ Kf7 41. Nxc6 bxc6 42. Rc5 Rb3+ 43. Kg2 Rxb4 44. Rxc6 Ra4 45. Rc7+ Kf6 46.
Rc6+ Kg5 47. Rc5+ Kf6 48. Rc6+ Kf7 49. Rc7+ Kf6 50. Rc6+ Kf7 51. Rc7+ Kf6 52.
Rc6+ Kf7 53. Rc7+ Kf6 54. Rc6+ 1/2-1/2

[Event "PRO League Group Stage"]
[Site "chess.com INT"]
[Date "2018.02.07"]
[Round "5"]
[White "Van Foreest, Jorden"]
[Black "Tang, Andrew"]
[Result "0-1"]
[WhiteTitle "GM"]
[BlackTitle "IM"]
[WhiteElo "2629"]
[BlackElo "2513"]
[WhiteTeam "Montreal Chessbrahs"]
[BlackTeam "Minnesota Blizzard"]
[WhiteFideId "1039784"]
[BlackFideId "2059630"]
[EventDate "2018.01.18"]

1. e4 e5 2. Nf3 Nc6 3. d4 exd4 4. Nxd4 Nf6 5. Nxc6 bxc6 6. e5 Qe7 7. Qe2 Nd5 8.
c4 Nb6 9. Nc3 Qe6 10. Qe4 g6 11. Bd2 a5 12. O-O-O Ba6 13. c5 Bxc5 14. Bxa6 Rxa6
15. Qd3 Ra8 16. Bh6 Kd8 17. Kb1 Kc8 18. Ne4 Be7 19. Rhe1 Kb7 20. Bg5 Rhb8 21. f4
Bb4 22. a3 Bf8 23. Ka1 Kc8 24. Nf6 h6 25. Bh4 Be7 26. g4 Bxf6 27. exf6 Qxg4 28.
Bf2 Qxf4 29. Bxb6 Rxb6 30. Qxd7+ Kb7 31. Qxf7 Qxh2 32. Rb1 Qd6 33. Re7 Rd8 34.
Rbe1 Rxb2 35. Rxc7+ Kb8 36. Qe7 Qd2 37. Qxd8+ Qxd8 38. Rce7 Qd4 39. Re8+ Ka7 40.
R1e7+ Rb7+ 0-1

[Event "PRO League Group Stage"]
[Site "chess.com INT"]
[Date "2018.02.07"]
[Round "5"]
[White "Colas, Joshua"]
[Black "Iturrizaga Bonelli, Eduardo"]
[Result "0-1"]
[WhiteTitle "FM"]
[BlackTitle "GM"]
[WhiteElo "2240"]
[BlackElo "2650"]
[WhiteTeam "Webster Windmills"]
[BlackTeam "Miami Champions"]
[WhiteFideId "2044447"]
[BlackFideId "3901211"]
[EventDate "2018.01.18"]

1. d4 Nf6 2. Nf3 b6 3. Bf4 Bb7 4. e3 h6 5. Nbd2 d6 6. Bd3 Nbd7 7. O-O g5 8. Bg3
Nh5 9. e4 e6 10. c3 Bg7 11. Rc1 Qe7 12. Qa4 a6 13. Rfe1 O-O 14. h3 Nxg3 15. fxg3
c5 16. g4 Rac8 17. Qd1 Rc7 18. Qe2 Rfc8 19. Rcd1 b5 20. a3 Nf8 21. e5 cxd4 22.
cxd4 dxe5 23. dxe5 Nd7 24. Kh1 Rc5 25. Ne4 Bxe4 26. Qxe4 Nxe5 27. Nxe5 Rxe5 28.
Qh7+ Kf8 29. Rxe5 Bxe5 30. Qxh6+ Bg7 31. Qh7 Qf6 32. Rf1 Qe5 33. Bg6 Rc7 34. Qh5
Bf6 35. Qh6+ Bg7 36. Qh7 Qxb2 37. Bd3 Rc1 38. Qe4 Rxf1+ 39. Bxf1 Bd4 40. Qa8+
Kg7 41. Qf3 Bc5 42. Qg3 Qd4 43. Qh2 Qa1 0-1

[Event "PRO League Group Stage"]
[Site "chess.com INT"]
[Date "2018.02.07"]
[Round "5"]
[White "Christiansen, Johan-Sebastian"]
[Black "Kantane, Anna"]
[Result "1-0"]
[WhiteTitle "IM"]
[BlackTitle "WIM"]
[WhiteElo "2492"]
[BlackElo "2243"]
[WhiteTeam "Norway Gnomes"]
[BlackTeam "Riga Magicians"]
[WhiteFideId "1512668"]
[BlackFideId "1135988"]
[EventDate "2018.01.18"]

1. e4 e5 2. Nf3 Nc6 3. Nc3 Nf6 4. a3 d5 5. Bb5 d4 6. Ne2 Bd6 7. O-O O-O 8. d3
Ne7 9. c3 a6 10. Bc4 b5 11. Ba2 c5 12. b4 dxc3 13. bxc5 Bxc5 14. Nxe5 Ng4 15.
Nf3 Ra7 16. d4 Rd7 17. h3 Nh6 18. Bxh6 gxh6 19. Qc1 Bb6 20. Qxh6 Rd6 21. Qh5 Kg7
22. Qe5+ f6 23. Qg3+ Kh8 24. Rac1 Bb7 25. d5 f5 26. Qe5+ Kg8 27. Ng3 fxe4 28.
Nxe4 Bc7 29. Rxc3 Ng6 30. Qg3 Kh8 31. Rxc7 1-0

[Event "PRO League Group Stage"]
[Site "chess.com INT"]
[Date "2018.02.07"]
[Round "5"]
[White "Christiansen, Johan-Sebastian"]
[Black "Neiksans, Arturs"]
[Result "0-1"]
[WhiteTitle "IM"]
[BlackTitle "GM"]
[WhiteElo "2492"]
[BlackElo "2582"]
[WhiteTeam "Norway Gnomes"]
[BlackTeam "Riga Magicians"]
[WhiteFideId "1512668"]
[BlackFideId "11601388"]
[EventDate "2018.01.18"]

1. e4 g6 2. d4 Bg7 3. Nc3 d6 4. f4 a6 5. Nf3 b5 6. Bd3 Nd7 7. Be3 Bb7 8. e5 c5
9. Be4 Bxe4 10. Nxe4 Nh6 11. dxc5 dxe5 12. c6 Nf6 13. Qxd8+ Rxd8 14. Nxf6+ exf6
15. c7 Rc8 16. Bb6 Kd7 17. O-O-O+ Kc6 18. Ba5 Nf5 19. Rhe1 Nd6 20. Bb4 Nc4 21.
b3 a5 22. Be7 Rxc7 23. bxc4 Rxe7 24. Nd4+ Kb6 25. Nxb5 Rc8 26. Nd6 Rc6 27. Rd5
Bh6 28. g3 Rd7 29. Red1 exf4 30. Nc8+ Rxc8 31. Rxd7 fxg3+ 32. Kb2 gxh2 33. Rxf7
Rxc4 34. Rxf6+ Rc6 35. Rf7 Rc4 36. Rh1 Rh4 37. c3 Bf4 38. Kb3 Bd6 39. Rf6 Kc5
40. a4 Be5 41. Re6 Kd5 42. Re7 Bf4 43. Rd1+ Kc6 44. Re6+ Kc5 45. Rh1 g5 46. Ra6
g4 47. Rxa5+ Kb6 48. Rb5+ Kc6 49. Rf5 g3 50. Rf6+ Kb7 51. Re1 Bc7 52. Rf7 g2 53.
Ree7 g1=Q 54. Rxc7+ Kb6 55. Rb7+ Ka6 56. Rbd7 Qb1+ 57. Ka3 Qa1+ 58. Kb3 Qxa4+
59. Kb2 Qxd7 0-1

[Event "PRO League Group Stage"]
[Site "chess.com INT"]
[Date "2018.02.07"]
[Round "5"]
[White "Admiraal, Miguoel"]
[Black "Roberson, Peter T"]
[Result "1-0"]
[WhiteTitle "IM"]
[BlackTitle "IM"]
[WhiteElo "2453"]
[BlackElo "2412"]
[WhiteTeam "Amsterdam Mosquitoes"]
[BlackTeam "London Towers"]
[WhiteFideId "1019716"]
[BlackFideId "412384"]
[EventDate "2018.01.18"]

1. Nf3 Nf6 2. d4 e6 3. Bf4 d5 4. e3 Bd6 5. Be2 O-O 6. O-O b6 7. Ne5 c5 8. Nd2
Bb7 9. c4 Nc6 10. cxd5 Nxd5 11. Nxc6 Bxc6 12. Bxd6 Qxd6 13. dxc5 Qxc5 14. Rc1
Qd6 15. Nc4 Qc7 16. Qd4 Rfd8 17. Ne5 Ne7 18. Qf4 Nd5 19. Qg3 Rd6 20. Bb5 Bxb5
21. Rxc7 Nxc7 22. Nxf7 Rc6 23. Ne5 Rc2 24. Rd1 Be2 25. Re1 Rxb2 26. h4 Rxa2 27.
Nc6 Nd5 28. Nd4 Bh5 29. Nxe6 Bg6 30. h5 Re8 31. hxg6 Rxe6 32. Qb8+ 1-0

[Event "PRO League Group Stage"]
[Site "chess.com INT"]
[Date "2018.02.07"]
[Round "5"]
[White "Admiraal, Miguoel"]
[Black "Rendle, Thomas E"]
[Result "1-0"]
[WhiteTitle "IM"]
[BlackTitle "IM"]
[WhiteElo "2453"]
[BlackElo "2362"]
[WhiteTeam "Amsterdam Mosquitoes"]
[BlackTeam "London Towers"]
[WhiteFideId "1019716"]
[BlackFideId "408760"]
[EventDate "2018.01.18"]

1. e4 e6 2. d4 d5 3. Nd2 a6 4. Ngf3 Nf6 5. e5 Nfd7 6. c4 c5 7. cxd5 exd5 8. Bd3
Nc6 9. O-O Be7 10. Re1 O-O 11. h3 Qb6 12. Nf1 Nxd4 13. Nxd4 cxd4 14. Ng3 Re8 15.
e6 Nf6 16. exf7+ Kxf7 17. Bg5 g6 18. Qf3 Be6 19. Re5 Rac8 20. Rae1 Rc6 21. Ne2
Kg7 22. Nf4 Ne4 23. Bxe7 Rxe7 24. Nxd5 Qa5 25. Qxe4 Rf7 26. Rxe6 Rxe6 27. Qxe6
Qd2 28. Qe5+ Kg8 29. Ne7+ Rxe7 30. Bc4+ 1-0

[Event "PRO League Group Stage"]
[Site "chess.com INT"]
[Date "2018.02.07"]
[Round "5"]
[White "Ju, Wenjun"]
[Black "Smirnov, Anton"]
[Result "1-0"]
[WhiteTitle "GM"]
[BlackTitle "GM"]
[WhiteElo "2572"]
[BlackElo "2527"]
[WhiteTeam "Chengdu Pandas"]
[BlackTeam "Australia Kangaroos"]
[WhiteFideId "8603006"]
[BlackFideId "3208923"]
[EventDate "2018.01.18"]

1. Nf3 d5 2. d4 Nf6 3. c4 c6 4. cxd5 cxd5 5. Nc3 Nc6 6. Bf4 a6 7. e3 Bg4 8. Be2
e6 9. O-O Bd6 10. Bxd6 Qxd6 11. Nd2 Bxe2 12. Qxe2 O-O 13. Rac1 Rfc8 14. Na4 Nd7
15. a3 Ne7 16. Nb3 Rxc1 17. Rxc1 Rc8 18. Rxc8+ Nxc8 19. Qc2 Na7 20. h3 g6 21. g3
Kg7 22. Nac5 b5 23. Qc3 Nb8 24. Qa5 Nc8 25. a4 bxa4 26. Qxa4 Nb6 27. Qb4 N6d7
28. Qb7 Qb6 29. Qc8 h5 30. Kg2 Qb5 31. Qd8 Nxc5 32. Nxc5 Qxb2 33. Qc7 Qb5 34.
Nxe6+ Kf6 35. Qe5+ 1-0